000 00360nam a2200145Ia 4500
008 230917s9999||||xx |||||||||||||| ||und||
040 _e178337
_aMAIN
041 _aEnglish
082 _a363.7 R186E
100 _aRastogi, Arun
245 0 _aEnvironmental Chemistry
260 _aNew Delhi
_bAnmol Publications
_c2010
300 _avii, 250 p.
942 _cBK
999 _c156275
_d156275